Giáo trình thiết kế mạch điện tử Sách dùng cho sinh viên hệ cao đẳng
Giới thiệu cách vẽ mạch nguyên lý với Orcad Capture. Thiết kế mạch in dùng Orcad Layout. Mô phỏng mạch điện tử với Orcad Pspice. Các menu chính trong Orcad Layout; DT Mạch điện tử nâng cao
保存先:
| 第一著者: | |
|---|---|
| その他の著者: | |
| フォーマット: | 図書 |
| 言語: | Undetermined |
| 出版事項: |
H.
Giáo dục Việt Nam
2009
|
| 主題: | |
| オンライン・アクセス: | http://lrc.tdmu.edu.vn/opac/search/detail.asp?aID=2&ID=7634 |
| タグ: |
タグ追加
タグなし, このレコードへの初めてのタグを付けませんか!
|
| Thư viện lưu trữ: | Trung tâm Học liệu Trường Đại học Thủ Dầu Một |
|---|
| LEADER | 01091nam a2200229Ia 4500 | ||
|---|---|---|---|
| 001 | TDMU_7634 | ||
| 008 | 210410s9999 xx 000 0 und d | ||
| 082 | |a 621.3815 | ||
| 090 | |b NG527 | ||
| 100 | |a Nguyễn, Hữu Trung | ||
| 245 | 0 | |a Giáo trình thiết kế mạch điện tử | |
| 245 | 0 | |b Sách dùng cho sinh viên hệ cao đẳng | |
| 245 | 0 | |c Nguyễn Hữu Trung,Nguyễn Viết Tuyến | |
| 260 | |a H. | ||
| 260 | |b Giáo dục Việt Nam | ||
| 260 | |c 2009 | ||
| 300 | |a 135tr | ||
| 520 | |a Giới thiệu cách vẽ mạch nguyên lý với Orcad Capture. Thiết kế mạch in dùng Orcad Layout. Mô phỏng mạch điện tử với Orcad Pspice. Các menu chính trong Orcad Layout; DT Mạch điện tử nâng cao | ||
| 650 | |a Mạch điện tử; Thiết kế; Phần mềm Orcad; Giáo trình | ||
| 700 | |a Nguyễn, Viết Tuyến | ||
| 856 | |u http://lrc.tdmu.edu.vn/opac/search/detail.asp?aID=2&ID=7634 | ||
| 980 | |a Trung tâm Học liệu Trường Đại học Thủ Dầu Một | ||